Представление документа в формате RUSMARC

ПолеНазваниеЗначение
  Тип записи a
  Библиографический уровень m
001 Контрольный номер RU/IS/BASE/440611380
005 Дата корректировки 20250312160842.8
010 Индекс ISBN __
a ISBN 978-5-390-00572-9
d Цена 169-00
101 Язык документа 0_
a Язык текста rus
200 Заглавие и сведения об ответственности 1_
a Заглавие Практикум по организации и менеджменту туризма и гостиничного хозяйства
e Сведения, относящиеся к заглавию учеб. пособие для использования в учеб. процессе по специальности "Менеджмент организации"
f Первые сведения об ответственности А. Б. Косолапов, Т. И. Елисеева
b Общее обозначение материала Текст
205 Сведения об издании __
a Основные сведения об издании 5-е изд., стер.
210 Выходные данные 1_
a Место издания М.
c Издательство КноРус
d Дата издания 2010
215 Физическое описание __
a Объем 198, [1] с.
c Иллюстрации/тип воспроизводства ил.
320 Библиография __
a Библиография Библиогр.: с. 199
327 Примечание о содержании 0_
a Примечание о содержании Международная гостиничная конвенция
327 Примечание о содержании 0_
a Примечание о содержании ГОСТ Р 50645-94. Туристско-экскурсионное обслуживание. Классификация гостиниц
327 Примечание о содержании 0_
a Примечание о содержании Туристско-экскурсионное обслуживание. Классификация гостиниц : ГОСТ Р 50645-94
330 Аннотация __
a Аннотация Рассматриваются практические вопросы организации работы туристских и гостиничных предприятий в условиях российского рынка услуг. Особое внимание уделяется менеджменту туризма, юридическим, пограничным и таможенным формальностям, а также средствам размещения туристов при прохождении ими зарубежных и внутренних.
606 Тематические рубрики __
a Основная рубрика Экономика
606 Тематические рубрики __
a Основная рубрика Экономика туризма
y Географическая подрубрика Россия
610 Ключевые слова 0_
a Ключевые слова гостиничное хозяйство; туризм; менеджмент туризма; менеджмент гостиничного хозяйства; гостиничные услуги; гостиничные правила; ГОСТы
686 Индексы других классификаций __
a Классификационный индекс 65.433-21я73
700 Автор _1
a Фамилия Косолапов
b Имя А. Б.
g Полное личное имя Александр Борисович
4 Код отношения 070
701 Альтернативная интеллектуальная ответственность _1
a Фамилия Елисеева
b Имя Т. И.
g Полное личное имя Татьяна Ивановна
4 Код отношения 070
801 Источник записи _0
a Страна RU
b Организация Муниципальное бюджетное учреждение культуры "Централизованная библиотечная система" г. Сургут (Центральная городская библиотека им. А. С. Пушкина)
g Правила каталогизации КиК/Елгина
801 Источник записи _1
a Страна RU
b Организация Муниципальное бюджетное учреждение культуры "Централизованная библиотечная система" г. Сургут (Центральная городская библиотека им. А. С. Пушкина)
g Правила каталогизации КиК/Елгина
852 Данные о местонахождении __
j Шифр хранения 65.433-21я73
c Каталожный индекс 65.433-2я73
i Авторский знак К 71
901 Тип документа __
t Тип документа m
903 Характеристики (МАРС) __
a Дата передачи 20101007
969 Тип издания __
a Тип издания учебное пособие
990 Данные о заказе (DOS) __
j Количество экземпляров (DOS) 2
h N записи в КСУ для Б/У (DOS) 201010